Six Nations of the Iroquois - Statistics

General Stats
  • This quiz has been taken 44 times
  • The average score is 5 of 6
Answer Stats
Native American tribe % Correct
Mohawk
93%
Oneida
75%
Seneca
75%
Cayuga
71%
Onondaga
71%
Tuscarora
64%
No matching quizzes found
Score Distribution
Percent of People with Each Score
Percentile by Number Answered
Your Score History
You have not taken this quiz